[Event "Summer Prague Open 2020 - B"]
 [Site "Olympik hotel, Sokolovska 138,"]
 [Date "2020.08.15"]
 [Round "9"]
 [White "Vargas Drechsler, Carlos"]
 [Black "Herter, Arne"]
 [Result "1/2-1/2"]
  [WhiteElo "1829"]
 [BlackElo "1613"]
 [PlyCount "120"]
 [EventDate "2020.08.08"]

 1. d4 Nf6 2. Nf3 g6 3. c4 Bg7 4. Nc3 O-O 5. Bg5 h6 6. Bh4 d6 7. e3 Nc6 8. Be2
 e5 9. dxe5 dxe5 10. Qxd8 Rxd8 11. Nd5 Rd6 12. Nxc7 Rb8 13. Bxf6 Rxf6 14. Ne8
 Rf5 15. Nxg7 Kxg7 16. O-O e4 17. Nd4 Rg5 18. h4 Re5 19. Rfd1 g5 20. hxg5 hxg5
 21. Nxc6 bxc6 22. b3 Be6 23. Rd6 c5 24. Rad1 g4 25. g3 Rh5 26. Bf1 Rh6 27. Bg2
 Re8 28. Rc6 Rh5 29. Rc7 a6 30. Rd6 a5 31. Bxe4 Bxc4 32. Bc6 Re6 33. Rxe6 Bxe6
 34. Bg2 Kf8 35. Kf1 Ke8 36. Ke1 Kd8 37. Ra7 c4 38. bxc4 Bxc4 39. a4 Bb3 40. Be4
 f6 41. Rg7 f5 42. Bc6 Rh8 43. Rd7+ Kc8 44. Bb5 Rh1+ 45. Kd2 Rd1+ 46. Kc3 Bxa4
 47. Rxd1 Bxd1 48. Bd3 Kc7 49. Bxf5 Kd6 50. Kd4 a4 51. Bb1 Bb3 52. Kc3 Ke5 53.
 Kb2 Bd5 54. Bg6 Bb3 55. Be8 Ke4 56. Bc6+ Bd5 57. Bxa4 Kf3 58. Bd1+ Kxf2 59.
 Bxg4 Kxg3 60. Bh5 Kf2 1/2-1/2

[Event "Summer Prague Open 2020 - B"]
 [Site "Olympik hotel, Sokolovska 138,"]
 [Date "2020.08.15"]
 [Round "9"]
 [White "Guggenheim, Hans"]
 [Black "Karlsson, Peter 1965"]
 [Result "1-0"]
  [WhiteElo "1901"]
 [BlackElo "1759"]
 [PlyCount "141"]
 [EventDate "2020.08.08"]

 1. d4 Nf6 2. c4 c5 3. d5 b5 4. cxb5 a6 5. e3 g6 6. Nc3 d6 7. Bc4 Bg7 8. Nge2
 O-O 9. O-O Nbd7 10. bxa6 Bxa6 11. Bxa6 Rxa6 12. e4 Qb6 13. Rb1 Rb8 14. b3 Qc7
 15. Kh1 Nb6 16. Qd3 Raa8 17. Qc2 Nc8 18. Bd2 Nd7 19. Rfc1 Qa7 20. a4 Qa6 21.
 Nb5 Qb7 22. Bc3 Bh6 23. Rd1 Na7 24. Nxa7 Qxa7 25. Be1 Qa6 26. Ra1 Rc8 27. Kg1
 Qb6 28. Rdb1 Qa6 29. a5 Bg7 30. Ra4 Rab8 31. Qc4 Qa7 32. f4 Rc7 33. h3 Rcb7 34.
 Kh2 Ra8 35. Nc1 Rf8 36. Nd3 h6 37. Bc3 Bxc3 38. Qxc3 f6 39. Nb2 Rb4 40. Rxb4
 cxb4 41. Qxb4 Qe3 42. Qe1 Qxf4+ 43. Kh1 Nc5 44. b4 Nxe4 45. Nd1 Rc8 46. Ne3 Rc3
 47. Nf1 Rc2 48. Qe3 Qf5 49. Re1 Rc4 50. b5 Qxd5 51. Ng3 Nxg3+ 52. Qxg3 Kf7 53.
 Rb1 Qc5 54. Qb3 d5 55. b6 Rc1+ 56. Rxc1 Qxc1+ 57. Kh2 Qf4+ 58. Qg3 Qb4 59. Qc7
 Qxa5 60. Qc6 Qd2 61. Qc7 Qa5 62. Qb8 Qd2 63. b7 e5 64. Qc7+ Ke6 65. Qc8+ Ke7
 66. Qc5+ Ke6 67. b8=Q Qf4+ 68. Kh1 Qf1+ 69. Qg1 Qf4 70. Qg8+ Kf5 71. Qxd5 1-0

[Event "Summer Prague Open 2020 - B"]
 [Site "Olympik hotel, Sokolovska 138,"]
 [Date "2020.08.15"]
 [Round "9"]
 [White "Kievelitz, Bernd"]
 [Black "von Lossow, Marcus"]
 [Result "1/2-1/2"]
  [WhiteElo "1848"]
 [BlackElo "1685"]
 [PlyCount "40"]
 [EventDate "2020.08.08"]

 1. Nf3 d5 2. d4 Nf6 3. c4 c6 4. Qb3 dxc4 5. Qxc4 Bf5 6. g3 e6 7. Bg2 Be7 8. O-O
 O-O 9. Nc3 Ne4 10. a3 Nd7 11. Qb3 Qb6 12. Qxb6 Nxb6 13. Nd2 Nxd2 14. Bxd2 Rfd8
 15. e4 Bg6 16. Ne2 e5 17. Bc3 exd4 18. Nxd4 Na4 19. Rfd1 Nxc3 20. bxc3 Bc5
 1/2-1/2

[Event "Summer Prague Open 2020 - B"]
 [Site "Olympik hotel, Sokolovska 138,"]
 [Date "2020.08.15"]
 [Round "9"]
 [White "Svetly, Jiri"]
 [Black "Ollivier, Clemence"]
 [Result "1-0"]
  [WhiteElo "1835"]
 [BlackElo "1684"]
 [PlyCount "103"]
 [EventDate "2020.08.08"]

 1. d4 d5 2. c4 e6 3. Nc3 c5 4. e3 Nf6 5. Nf3 a6 6. b3 Nc6 7. Bb2 Be7 8. a3 O-O
 9. dxc5 dxc4 10. Bxc4 Bxc5 11. b4 Bd6 12. O-O b5 13. Bb3 Bb7 14. Qe2 Rc8 15.
 Rfd1 Qc7 16. Rac1 Qb8 17. h3 Rfd8 18. Ng5 Bh2+ 19. Kh1 Rxd1+ 20. Rxd1 Rd8 21.
 f4 Rxd1+ 22. Qxd1 Bxf4 23. exf4 Qxf4 24. Bc1 Qe5 25. Ne2 h6 26. Bf4 Qb2 27. Bc1
 Qe5 28. Nf3 Qc7 29. Qc2 Qd7 30. Bb2 Nd5 31. Qd2 Nce7 32. Nc3 Qc7 33. Ne4 Nb6
 34. Be5 Qd7 35. Nc5 Qxd2 36. Nxd2 Bc8 37. Nde4 Nc6 38. Bb2 a5 39. Bc3 axb4 40.
 axb4 Nd5 41. Bxd5 exd5 42. Nd6 d4 43. Bd2 Na7 44. Nxc8 Nxc8 45. Nb3 Kf8 46.
 Nxd4 Na7 47. g4 Ke8 48. Kg2 Kd7 49. Kf3 Kc7 50. Ke4 Kb6 51. Nf5 g6 52. Nxh6 1-0

[Event "Summer Prague Open 2020 - B"]
 [Site "Olympik hotel, Sokolovska 138,"]
 [Date "2020.08.15"]
 [Round "9"]
 [White "Korenek, Frantisek"]
 [Black "Michel, Ladislav"]
 [Result "1-0"]
  [WhiteElo "1939"]
 [BlackElo "1669"]
 [PlyCount "67"]
 [EventDate "2020.08.08"]

 1. e4 c5 2. Nc3 Nc6 3. g3 g6 4. Bg2 Bg7 5. d3 d6 6. Nge2 e5 7. O-O Nge7 8. Bg5
 h6 9. Be3 O-O 10. h3 Kh7 11. Kh2 Rb8 12. a4 a6 13. Nd5 b5 14. Nxe7 Nxe7 15.
 axb5 axb5 16. c3 Bb7 17. d4 exd4 18. cxd4 c4 19. Ra7 Nc6 20. Ra1 Ra8 21. Qd2
 Qc7 22. Nc3 Na7 23. Na2 Nc8 24. Nb4 Nb6 25. Nc2 Rxa1 26. Rxa1 Ra8 27. Rxa8 Nxa8
 28. Qb4 Bc6 29. Na3 Bf8 30. d5 Bd7 31. Bd4 Bg7 32. Bxg7 Kxg7 33. Nxb5 Qb7 34.
 Qc3+ 1-0

[Event "Summer Prague Open 2020 - B"]
 [Site "Olympik hotel, Sokolovska 138,"]
 [Date "2020.08.15"]
 [Round "9"]
 [White "Krupansky, Jaromir"]
 [Black "Ziabari, Morteza"]
 [Result "1-0"]
  [WhiteElo "1661"]
 [BlackElo "1850"]
 [PlyCount "73"]
 [EventDate "2020.08.08"]

 1. e4 e6 2. d4 b6 3. c4 Bb4+ 4. Nc3 Nf6 5. Bd3 Bb7 6. Qe2 Qe7 7. a3 Bxc3+ 8.
 bxc3 d5 9. f3 dxe4 10. fxe4 Nxe4 11. Nf3 Nxc3 12. Qf2 Ne4 13. Qe3 f5 14. O-O
 Nd7 15. a4 h6 16. Ba3 c5 17. Rab1 O-O 18. a5 Rf7 19. Bc2 Bc6 20. a6 g5 21. Rfd1
 f4 22. Qe1 Nef6 23. Ne5 Nxe5 24. Qxe5 Ng4 25. Qe2 Ne3 26. dxc5 Nxd1 27. Qxd1 f3
 28. Qd3 bxc5 29. Qg6+ Rg7 30. Qxh6 Rd8 31. Bb2 Rd2 32. Bf6 Rxg2+ 33. Kf1 Qxf6
 34. Qxf6 Rxc2 35. Qxe6+ Rf7 36. Qxc6 Rxh2 37. Qg6+ 1-0

[Event "Summer Prague Open 2020 - B"]
 [Site "Olympik hotel, Sokolovska 138,"]
 [Date "2020.08.15"]
 [Round "9"]
 [White "Arnold, Frieda"]
 [Black "Pechanek, Krystof"]
 [Result "1/2-1/2"]
  [WhiteElo "1789"]
 [BlackElo "1272"]
 [PlyCount "40"]
 [EventDate "2020.08.08"]

 1. e4 c5 2. Nc3 d6 3. f4 Nc6 4. Nf3 Nf6 5. Bc4 g6 6. d3 Bg7 7. O-O O-O 8. Qe1
 Bg4 9. Qh4 Bxf3 10. Rxf3 e6 11. Rh3 Nh5 12. Qg4 Nf6 13. Qg3 d5 14. Bb3 dxe4 15.
 dxe4 Nd4 16. Be3 Nxe4 17. Qe1 Nxc3 18. bxc3 Nxb3 19. cxb3 b6 20. g4 h6 1/2-1/2